| 000 | 00597nam a22001817a 4500 | ||
|---|---|---|---|
| 005 | 20251108164735.0 | ||
| 008 | 250721s1984 xx 000 0 ara d | ||
| 082 | 1 | 4 | _a812.962/مصط |
| 100 | 1 | _aعبد الغني، مصطفى | |
| 245 | 1 | 0 |
_aالحصار : _b3 مسرحيات شعرية من فصل واحد / |
| 264 | 1 |
_aالقاهرة : _bالهيئة المصرية العامة للكتاب، _c1984. |
|
| 300 | _a101ص | ||
| 490 | 0 | _aالإبداع العربي : مسرحية | |
| 650 | 1 | 7 | _aالمسرحيات العربية |
| 650 | 1 | 7 | _aمصر |
| 942 |
_2ddc _cBK |
||
| 999 |
_c13200 _d13200 |
||